000
00285nam a2200121Ia 4500
008
191201s2012 xx 000 0 und d
100
_a
ONKVISIT, Sak
245
0
_a
International Marketing
260
_a
N. delhi
_b
Routledge
_c
2012
300
_a
710
650
_a
BBA
942
_2
ddc
_c
BK
_0
2
999
_c
6597
_d
6597